| 000 | 00591nam a2200169 i 4500 | ||
|---|---|---|---|
| 001 | 24447 | ||
| 003 | ES-MaACL | ||
| 005 | 20230906153041.0 | ||
| 007 | t| | ||
| 008 | 021217s1910 sp ||||1| spa d | ||
| 100 | 1 |
_aAntón, Francisco ( _d1880-1970) _921957 |
|
| 245 | 1 | 3 |
_aEl templo de Santa María Magdalena de Zamora / _cFrancisco Antón y Casaseca. |
| 260 |
_aZamora : _b[s.n.], _c1910 ( _fEst. Tip. de San José) |
||
| 300 |
_a31 pág., 5 lám. ; _c28 cm. |
||
| 610 | 2 | 4 |
_aIglesia de Santa María Magdalena (Zamora) _9155988 |
| 852 |
_aES-MaACL _jT-1440-F-14 _z.- Ded. manuscrita del autor |
||
| 999 |
_c24447 _d24447 |
||